[Event "Match"]
[Site "www.echecsemail.com"]
[Date "2024.04.14"]
[Round "1"]
[White "Rettuc"]
[Black "Joseph1983"]
[WhiteElo "2230"]
[BlackElo "1980"]
[Result "1-0"]
[Round "1"]
1.e4 e5
2.Ng1f3 Ng8f6
3.d4 exd4
4.e5 Nf6d5
5.Qd1xd4 Nd5b6
6.Nb1c3 Nb8c6
7.Qd4e4 Bf8e7
8.Bf1b5 O-O
9.O-O d5
10.exd6 Qd8xd6
11.Bc1f4 Qd6e6
12.Bf4xc7 Qe6xe4
13.Nc3xe4 Nb6d5
14.Bc7g3 Nd5f6
15.Bb5xc6 bxc6
16.Bg3d6 Be7xd6
17.Ne4xd6 Bc8g4
18.Nf3e5 Ra8d8
19.Ne5xg4 Rd8xd6
20.Ng4xf6 Rd6xf6
21.Ra1d1 
1-0

[Event "Tourn. n10944"]
[Site "www.chess-mail.com"]
[Date "2024.04.14"]
[Round "1"]
[White "Apdash"]
[Black "Wappie67"]
[WhiteElo "2080"]
[BlackElo "2030"]
[Result "0-1"]
[Round "1"]
1.d4 Ng8f6
2.c4 e5
3.d5 Bf8c5
4.e3 d6
5.Nb1c3 O-O
6.Qd1c2 c6
7.Bf1d3 b5
8.dxc6 Nb8xc6
9.Nc3xb5 Nc6b4
10.Qc2e2 Bc8b7
11.f3 d5
12.cxd5 Nb4xd3
13.Qe2xd3 Nf6xd5
14.a3 Qd8b6
15.Nb5c3 Nd5xe3
16.Bc1xe3 Bc5xe3
17.Ng1e2 Ra8d8
18.Qd3c2 Rd8d2
19.Qc2xd2 Be3xd2
20.Kxd2 Qb6xb2
21.Ke3 Qb2b6
22.Kd2 Qb6f2
23.Rh1g1 Rf8d8
24.Kc2 Bb7a6
25.Ra1f1 Qf2e3
26.Rf1d1 Rd8c8

0-1

[Event "Tourn. n10951"]
[Site "www.chess-mail.com"]
[Date "2024.04.14"]
[Round "1"]
[White "Nanomaster"]
[Black "Legrognard"]
[WhiteElo "2410"]
[BlackElo "2430"]
[Result "1/2-1/2"]
[Round "1"]
1.Ng1f3 Ng8f6
2.c4 c5
3.d4 cxd4
4.Nf3xd4 Nb8c6
5.Nb1c3 e6
6.g3 Bf8c5
7.Nd4b3 Bc5b4
8.Bf1g2 d5
9.cxd5 Nf6xd5
10.O-O Nd5xc3
11.Qd1xd8 Nc6xd8
12.bxc3 Bb4xc3
13.Ra1b1 O-O
14.Bc1a3 Rf8e8
15.Rf1c1 Bc3f6
16.Nb3a5 Bf6e7
17.Ba3xe7 Re8xe7
18.Rc1d1 Re7e8
19.Na5c4 Ra8b8
20.Nc4d6 Re8e7
21.Rd1c1 Bc8d7
22.Nd6xb7 Nd8xb7
23.Rb1xb7 Rb8xb7
24.Bg2xb7 
1/2-1/2

[Event "1st Vladutzs Tournament"]
[Site "www.echecsemail.com"]
[Date "2024.04.14"]
[Round "1"]
[White "Gandalf50"]
[Black "Roma753"]
[WhiteElo "2720"]
[BlackElo "2350"]
[Result "1-0"]
[Round "1"]
1.c4 c5
2.Ng1f3 Ng8f6
3.d4 cxd4
4.Nf3xd4 Nb8c6
5.Nb1c3 e6
6.e4 Bf8b4
7.Nd4xc6 bxc6
8.Bf1d3 O-O
9.e5 Bb4xc3
10.bxc3 Qd8a5
11.Bc1f4 Qa5xc3
12.Kf1 Nf6e8
13.h4 Kh8
14.h5 f6
15.h6 g6
16.Rh1h3 Qc3d4
17.Rh3f3 Kg8
18.Ra1b1 fxe5
19.Bf4e3 Qd4d6
20.c5 Qd6e7
21.Kg1 Ne8c7
22.Rf3g3 Bc8a6
23.Bd3xa6 Nc7xa6
24.Be3g5 Qe7xc5
25.Qd1xd7 Rf8f7
26.Qd7xf7 Kxf7
27.Rb1b7 Ke8
28.Rb7xh7 e4
29.Rh7h8 Qc5f8
30.Rh8xf8 Kxf8
31.Bg5f4 c5
32.h7 
1-0

[Event "Match"]
[Site "www.echecsemail.com"]
[Date "2024.04.14"]
[Round "1"]
[White "Paco"]
[Black "Waterman"]
[WhiteElo "1780"]
[BlackElo "1590"]
[Result "1-0"]
[Round "1"]
1.e4 d5
2.e5 d4
3.Bf1c4 c5
4.Qd1f3 Nb8c6
5.Bc4xf7 Kd7
6.e6 Kc7
7.Ng1h3 g6
8.d3 Bf8h6
9.Nb1d2 Nc6e5
10.Qf3g3 Kd6
11.Nd2c4 
1-0

[Event "Match"]
[Site "www.echecsemail.com"]
[Date "2024.04.14"]
[Round "1"]
[White "Apdash"]
[Black "Llord"]
[WhiteElo "2040"]
[BlackElo "1760"]
[Result "1-0"]
[Round "1"]
1.d4 e6
2.e4 d5
3.e5 Nb8c6
4.Ng1f3 Bf8b4
5.c3 Bb4a5
6.a4 Ng8e7
7.b4 Nc6xb4
8.cxb4 Ba5xb4
9.Bc1d2 Bb4xd2
10.Nb1xd2 Ne7c6
11.Bf1b5 Bc8d7
12.O-O O-O
13.Ra1c1 a6
14.Bb5d3 Nc6b4
15.Bd3b1 Qd8e8
16.Rc1xc7 Bd7c6
17.Bb1xh7 Kh8
18.Nf3g5 f6
19.Ng5xe6 Qe8xe6
20.Qd1h5 Bc6e8
21.Bh7g6 
1-0

[Event "Tourn. n10915"]
[Site "www.chess-mail.com"]
[Date "2024.04.15"]
[Round "1"]
[White "Pipin"]
[Black "Rons"]
[WhiteElo "2420"]
[BlackElo "2480"]
[Result "0-1"]
[Round "1"]
1.d4 Ng8f6
2.c4 e6
3.Nb1c3 Bf8b4
4.e3 c5
5.Bf1d3 d5
6.Ng1f3 O-O
7.O-O cxd4
8.exd4 dxc4
9.Bd3xc4 b6
10.Bc1g5 Bc8b7
11.Qd1e2 Bb4xc3
12.bxc3 Nb8d7
13.Nf3e5 Qd8c7
14.Ne5xd7 Nf6xd7
15.Ra1c1 Qc7c6
16.f3 Ra8c8
17.Bc4d3 Qc6d6
18.Rf1e1 h6
19.Bg5h4 Nd7f6
20.Qe2d2 Nf6e8
21.a4 Qd6d7
22.Bd3b1 Ne8d6
23.Qd2d3 Nd6f5
24.Bh4f2 g6
25.Qd3d2 Kh7
26.h4 Bb7d5
27.h5 Qd7xa4
28.g4 Nf5d6
29.Bf2h4 Nd6c4
30.Qd2f4 Qa4d7
31.Bh4f6 Qd7c7
32.Re1e5 
0-1

[Event "Tourn. n10915"]
[Site "www.chess-mail.com"]
[Date "2024.04.15"]
[Round "1"]
[White "Pipin"]
[Black "Seger"]
[WhiteElo "2420"]
[BlackElo "2520"]
[Result "0-1"]
[Round "1"]
1.e4 c5
2.Ng1f3 Nb8c6
3.d4 d6
4.d5 Nc6b8
5.h3 Ng8f6
6.Bf1d3 g6
7.c4 e5
8.Nb1c3 Nb8d7
9.Bc1e3 Bf8g7
10.g3 Ra8b8
11.Nc3b5 Nd7b6
12.b4 Nf6xe4
13.Bd3xe4 Nb6xc4
14.Qd1a4 O-O
15.Be3g5 f6
16.bxc5 a6
17.Nb5a7 b5
18.cxb6 Nc4xb6
19.Qa4c2 Rb8b7
20.Na7xc8 Rb7c7
21.Qc2b3 Rc7xc8
22.Bg5d2 Nb6c4
23.O-O f5
24.Bd2g5 Qd8c7
25.Be4d3 e4
26.Qb3xc4 Bg7xa1
27.Qc4xc7 Rc8xc7
28.Rf1xa1 
0-1

[Event "Tourn. n10892"]
[Site "www.chess-mail.com"]
[Date "2024.04.15"]
[Round "1"]
[White "Jerome"]
[Black "Jajka68"]
[WhiteElo "2700"]
[BlackElo "2660"]
[Result "1/2-1/2"]
[Round "1"]
1.e4 e5
2.Ng1f3 Nb8c6
3.Bf1b5 a6
4.Bb5a4 Ng8f6
5.O-O Bf8e7
6.Rf1e1 b5
7.Ba4b3 O-O
8.a4 Bc8b7
9.d3 d6
10.Nb1d2 Nf6d7
11.c3 Nd7c5
12.axb5 axb5
13.Ra1xa8 Qd8xa8
14.Bb3c2 b4
15.d4 bxc3
16.bxc3 Nc5d7
17.Nd2f1 Qa8a1
18.Nf1e3 Be7f6
19.d5 Nc6b8
20.c4 Nd7c5
21.g4 Nb8d7
22.g5 Bf6d8
23.Qd1e2 Bb7c8
24.Bc1d2 Qa1a6
25.Kg2 g6
26.h4 f6
27.Re1b1 fxg5
28.hxg5 Qa6a3
29.Qe2f1 Rf8f4
30.Rb1b5 Bc8a6
31.Rb5b1 
1/2-1/2

[Event "Match"]
[Site "www.echecsemail.com"]
[Date "2024.04.15"]
[Round "1"]
[White "Llord"]
[Black "Nightrider"]
[WhiteElo "1760"]
[BlackElo "1600"]
[Result "1-0"]
[Round "1"]
1.e4 e5
2.Ng1f3 Nb8c6
3.Bf1c4 Ng8f6
4.Nb1c3 Bf8c5
5.O-O O-O
6.d3 d6
7.Bc1g5 Bc8e6
8.Nc3d5 Nc6d4
9.c3 c6
10.Nd5xf6 gxf6
11.Bg5h6 Nd4xf3
12.Qd1xf3 
1-0

[Event "Match"]
[Site "www.echecsemail.com"]
[Date "2024.04.15"]
[Round "1"]
[White "Josegonzalez"]
[Black "Gobelijn"]
[WhiteElo "2330"]
[BlackElo "1499"]
[Result "1-0"]
[Round "1"]
1.Ng1h3 e5
2.g3 Ng8f6
3.d4 exd4
4.Qd1xd4 Nb8c6
5.Qd4e3 Bf8e7
6.Bf1g2 d5
7.O-O O-O
8.Nh3f4 Nc6b4
9.Nb1a3 Bc8f5
10.c3 Nb4a6
11.Qe3e5 Bf5e6
12.Nf4xe6 fxe6
13.Qe5xe6 Kh8
14.Na3c2 c6
15.Qe6h3 Qd8c8
16.Nc2d4 Qc8xh3
17.Bg2xh3 Na6c7
18.Bc1f4 Ra8c8
19.Ra1e1 Rc8e8
20.Bf4xc7 Nf6e4
21.f3 Ne4d2
22.Rf1f2 Be7c5
23.Bc7f4 Nd2c4
24.b3 Nc4b6
25.Kg2 Bc5e7
26.Nd4e6 Rf8f7
27.e4 Nb6d7
28.exd5 cxd5
29.Ne6c7 Re8c8
30.Bh3xd7 Rc8d8
31.Bd7g4 g5
32.Nc7e6 
1-0

[Event "Tourn. n10950"]
[Site "www.chess-mail.com"]
[Date "2024.04.15"]
[Round "1"]
[White "Pariolinius"]
[Black "Deanstewart"]
[WhiteElo "1790"]
[BlackElo "1690"]
[Result "1-0"]
[Round "1"]
1.Ng1f3 Ng8f6
2.g3 d5
3.Bf1g2 e6
4.O-O c5
5.d4 cxd4
6.Nf3xd4 e5
7.Nd4b3 Bf8e7
8.Nb1c3 d4
9.Nc3e4 Nf6xe4
10.Bg2xe4 Qd8c7
11.Bc1d2 O-O
12.Bd2a5 Qc7d7
13.f4 exf4
14.Rf1xf4 Qd7h3
15.Qd1xd4 Nb8c6
16.Qd4f2 Bc8g4
17.Ba5c3 Be7d6
18.Rf4xf7 Rf8xf7
19.Be4d5 Ra8f8
20.Bd5xf7 Rf8xf7
21.Qf2e3 Bd6xg3
22.Qe3xg3 Qh3h5
23.Nb3d4 Nc6xd4
24.Bc3xd4 Bg4xe2
25.Ra1e1 Rf7f1
26.Re1xf1 Be2xf1
27.Qg3xg7 
1-0

[Event "1st Vladutzs Tournament"]
[Site "www.echecsemail.com"]
[Date "2024.04.16"]
[Round "1"]
[White "Gandalf50"]
[Black "Jerome"]
[WhiteElo "2720"]
[BlackElo "2630"]
[Result "1/2-1/2"]
[Round "1"]
1.c4 Ng8f6
2.Nb1c3 d5
3.cxd5 Nf6xd5
4.e4 Nd5xc3
5.bxc3 g6
6.d4 Bf8g7
7.Bf1c4 O-O
8.Ng1e2 c5
9.O-O Nb8c6
10.Bc1e3 b6
11.Bc4b5 Bc8b7
12.Ra1c1 e6
13.dxc5 Nc6e5
14.Qd1xd8 Rf8xd8
15.cxb6 axb6
16.a4 Rd8c8
17.Be3xb6 Bb7xe4
18.a5 Be4d5
19.h4 Ne5c4
20.Bb5xc4 Bd5xc4
21.Rf1e1 Bg7f6
22.g3 e5
23.Rc1b1 Bc4d3
24.Rb1b3 Bd3c4
25.Rb3b2 Bc4a6
26.Rb2b3 Ba6c4

1/2-1/2

[Event "Tourn. n10949"]
[Site "www.chess-mail.com"]
[Date "2024.04.16"]
[Round "1"]
[White "Chessdna"]
[Black "Deanstewart"]
[WhiteElo "1590"]
[BlackElo "1690"]
[Result "0-1"]
[Round "1"]
1.e4 e6
2.e5 c5
3.d3 Nb8c6
4.Ng1f3 f6
5.d4 cxd4
6.a3 Nc6xe5
7.Nf3xd4 Qd8a5
8.Bc1d2 Qa5b6
9.Bd2c3 d5
10.Nb1d2 Bf8c5
 { time }
0-1

[Event "Match"]
[Site "www.echecsemail.com"]
[Date "2024.04.16"]
[Round "1"]
[White "Jjmcbride"]
[Black "Nightrider"]
[WhiteElo "1550"]
[BlackElo "1650"]
[Result "0-1"]
[Round "1"]
1.e4 e5
2.Ng1f3 Nb8c6
3.Bf1b5 Ng8f6
4.Bb5xc6 dxc6
5.Nf3xe5 Qd8d4
6.Ne5xf7 Kxf7
7.d3 Bc8g4
8.f3 Bg4e6
9.c3 Qd4d7
10.Bc1e3 Bf8e7
11.h3 Rh8d8
12.d4 Kg8
13.e5 Nf6d5
14.Be3d2 Rd8f8
15.h4 Nd5b6
16.b3 Nb6d5
17.c4 Nd5b6
18.g4 Ra8d8
19.Bd2e3 Qd7c8
20.Nb1c3 a6
21.a3 Nb6xc4
22.bxc4 Be6xc4
23.f4 Bc4d5
24.Nc3xd5 cxd5
 { time }
0-1

[Event "Match"]
[Site "www.echecsemail.com"]
[Date "2024.04.16"]
[Round "1"]
[White "Waterdrinker"]
[Black "Jjmcbride"]
[WhiteElo "1410"]
[BlackElo "1630"]
[Result "1-0"]
[Round "1"]
1.e4 e5
2.Bf1c4 Ng8f6
3.Ng1h3 h6
4.Qd1f3 Nb8c6
5.Nb1c3 Nc6d4
6.Qf3d3 a6
7.Nc3d5 Nf6xd5
8.Bc4xd5 c6
9.Bd5c4 b5
10.Bc4b3 Bf8e7
11.a4 O-O
12.f4 Nd4xb3
13.cxb3 b4
14.Qd3g3 Be7h4
15.Qg3f2 Bh4xf2
16.Kxf2 Qd8b6
17.Ke1 Qb6d4
18.Nh3f2 exf4
19.Rh1g1 d5
20.e5 Qd4xe5
21.Kd1 Rf8e8
22.Kc2 Bc8f5
23.d3 Qe5e2
24.Bc1d2 Qe2xf2
25.g4 Qf2c5
26.Kb1 Qc5xg1
27.Ka2 Qg1f2
28.gxf5 Qf2xd2
29.Ra1h1 Re8e2
30.Rh1b1 Qd2xd3
31.Rb1g1 Qd3c2
32.Rg1b1 Re2e3
33.Rb1g1  { time }
1-0

[Event "Match"]
[Site "www.echecsemail.com"]
[Date "2024.04.16"]
[Round "1"]
[White "Jjmcbride"]
[Black "Andrew1984wg"]
[WhiteElo "1530"]
[BlackElo "1809"]
[Result "0-1"]
[Round "1"]
1.e4 c5
2.e5 Nb8c6
3.Ng1f3 Qd8c7
4.Qd1e2 g5
5.d3 g4
6.Nf3g5 Nc6d4
7.Qe2d1 Qc7xe5
8.Ng5e4 f5
9.c3 Nd4c6
 { time }
0-1

[Event "Tourn. n10950"]
[Site "www.chess-mail.com"]
[Date "2024.04.16"]
[Round "1"]
[White "Deanstewart"]
[Black "Jwinbush"]
[WhiteElo "1690"]
[BlackElo "1799"]
[Result "0-1"]
[Round "1"]
1.d4 f5
2.Bc1f4 Ng8f6
3.e3 d6
4.Bf1d3 g6
5.c4 Bf8g7
6.Ng1e2 Nb8c6
7.f3 e5
8.Bf4g5 h6
9.Bg5h4 g5
10.Bh4f2 e4
11.fxe4 fxe4
12.Bd3c2 Nc6b4
13.O-O O-O
14.Bc2b3 Nb4d3
15.Qd1d2 Bc8f5
16.Ne2g3 Bf5h7
17.Nb1c3 Qd8d7
18.c5 d5
19.Bb3a4 c6
20.Ra1d1 h5
21.h3 h4
22.Ng3e2 Bg7h6
23.Ne2c1 Nd3xf2
24.Rf1xf2 Qd7g7
25.Kh1 Nf6h5
26.Kh2 g4
27.Kh1 Nh5g3
28.Kh2 Rf8xf2
29.Nc1e2 Ra8f8
30.Qd2e1 gxh3
31.Kg1 Rf2xg2

0-1

[Event "1st Vladutzs Tournament"]
[Site "www.echecsemail.com"]
[Date "2024.04.16"]
[Round "1"]
[White "Rons"]
[Black "Gandalf50"]
[WhiteElo "2500"]
[BlackElo "2720"]
[Result "1/2-1/2"]
[Round "1"]
1.e4 c5
2.Ng1f3 d6
3.d4 cxd4
4.Nf3xd4 Ng8f6
5.Nb1c3 a6
6.Bc1g5 e6
7.f4 Qd8b6
8.Qd1d3 Qb6xb2
9.Ra1b1 Qb2a3
10.f5 Qa3a5
11.Qd3c4 Nb8d7
12.fxe6 Qa5xg5
13.exf7 Ke7
14.Qc4e6 Kd8
15.Qe6e8 Nf6xe8
16.Nd4e6 Ke7
17.fxe8Q Kxe8
18.Ne6xg5 Nd7c5
19.Nc3d5 Bf8e7
20.Nd5c7 Kd8
21.Nc7xa8 Be7xg5
22.Na8b6 Rh8e8
23.Nb6xc8 Kxc8
24.Bf1d3 Nc5xe4
25.Bd3xe4 Re8xe4
26.Kd1 Re4a4
27.Rb1b2 Bg5f6
28.c3 b5
29.Rb2c2 Kd7
30.Kd2 Bf6e5
31.g3 a5
32.Rh1b1 Kc6
33.Kd3 Ra4c4
34.Rb1e1 Kc5
35.Re1f1 h5
36.Rf1f8 h4
37.gxh4 Rc4xh4
38.Rf8c8 Kd5
39.Rc2g2 Rh4h3
40.Kc2 a4
41.Kb1 Be5xc3
42.Rg2g3 Rh3xg3
43.hxg3 Bc3e5
44.g4 Be5f4
45.Rc8g8 g5
46.Kc2 Kc4
47.Rg8c8 Kd4
48.Rc8e8 d5
49.Re8e6 Kc4
50.Re6c6 Kd4

1/2-1/2

[Event "Match"]
[Site "www.echecsemail.com"]
[Date "2024.04.16"]
[Round "1"]
[White "Louisp60"]
[Black "Gambitmiau"]
[WhiteElo "1700"]
[BlackElo "1570"]
[Result "1-0"]
[Round "1"]
1.e4 Nb8c6
2.Ng1f3 e5
3.Bf1b5 Ng8e7
4.O-O a6
5.Bb5a4 b5
6.Ba4b3 Bc8b7
7.Nf3g5 d5
8.c3 h6
9.Ng5f3 dxe4
10.Nf3h4 g5
11.Qd1h5 Ne7g6
12.Nh4xg6 Rh8h7
13.Ng6xf8 Kxf8
14.Qh5e2 Nc6a5
15.Bb3c2 f5
16.d3 Rh7f7
17.dxe4 f4
18.f3 g4
19.Nb1d2 gxf3
20.Qe2xf3 c6
21.b4 Na5c4
22.Nd2xc4 bxc4
23.Qf3e2 Qd8g5
24.Qe2f3 Rf7g7
25.Bc1xf4 exf4
26.Qf3xf4 Kg8
27.Qf4xg5 Rg7xg5
28.Rf1f5 Rg5xf5
29.exf5 Ra8f8
30.Ra1f1 Bb7c8
31.f6 Kf7
32.Bc2e4 Bc8b7
33.h3 Rf8e8
34.Be4b1 Re8e6
35.g4 c5
36.a3 cxb4
37.axb4 Re6e2
38.Rf1f2 Re2e3
39.Kh2 Re3e1
40.Bb1a2 Re1h1
41.Kg3 Rh1g1
42.Kh4 Kg6
43.f7 
1-0

[Event "Tourn. n10953"]
[Site "www.chess-mail.com"]
[Date "2024.04.16"]
[Round "1"]
[White "Rettuc"]
[Black "Gilliere"]
[WhiteElo "2230"]
[BlackElo "2190"]
[Result "1-0"]
[Round "1"]
1.e4 e5
2.Ng1f3 Nb8c6
3.d4 exd4
4.Bf1c4 Bf8e7
5.c3 dxc3
6.Nb1xc3 d6
7.Qd1b3 Bc8e6
8.Bc4xe6 fxe6
9.Qb3xe6 Ng8f6
10.O-O Qd8d7
11.Qe6b3 Nc6a5
12.Qb3b4 b6
13.Bc1g5 h6
14.Bg5xf6 gxf6
15.Nc3d5 Kf7
16.Qb4c3 Ra8c8
17.b4 Na5b7
18.Ra1e1 Rh8g8
19.e5 dxe5
20.Re1xe5 Qd7h3
21.Re5xe7 Kf8
22.Qc3xf6 
1-0

[Event "Match"]
[Site "www.echecsemail.com"]
[Date "2024.04.16"]
[Round "1"]
[White "Waterdrinker"]
[Black "Chessdna"]
[WhiteElo "1370"]
[BlackElo "1590"]
[Result "1-0"]
[Round "1"]
1.e4 e5
2.Bf1c4 Ng8f6
3.Ng1h3 d5
4.exd5 Bc8xh3
5.gxh3 Nf6xd5
6.Bc4b5 c6
7.Bb5c4 e4
8.d3  { time }
1-0

[Event "Tourn. n10879"]
[Site "www.chess-mail.com"]
[Date "2024.04.16"]
[Round "1"]
[White "Numanoid"]
[Black "Jerome"]
[WhiteElo "2590"]
[BlackElo "2700"]
[Result "1/2-1/2"]
[Round "1"]
1.e4 c5
2.Ng1f3 e6
3.d4 cxd4
4.Nf3xd4 Ng8f6
5.Nb1c3 d6
6.Bc1e3 Nb8c6
7.f3 Bf8e7
8.Qd1d2 O-O
9.O-O-O d5
10.Bf1e2 Rf8e8
11.g4 dxe4
12.Nd4xc6 Qd8xd2
13.Be3xd2 bxc6
14.Nc3xe4 Nf6xe4
15.fxe4 e5
16.g5 Bc8e6
17.b3 a5
18.a4 Re8d8
19.Bd2e3 Rd8b8
20.Rd1d3 Be7a3
21.Kd1 Kf8
22.Rh1f1 Ke7
23.Be3f2 c5
24.Rd3f3 Rb8d8
25.Ke1 Ra8c8
26.Bf2g3 Ba3c1
27.Be2a6 Rc8c6
28.Ba6b5 Rc6d6
29.Bb5d3 c4
30.bxc4 Rd6c6
31.Bg3xe5 Bc1xg5
32.Be5xg7 Be6xc4
33.Bg7b2 Rd8b8
34.Bb2a3 Ke8
35.Rf3f5 Bc4xd3
36.cxd3 Rb8b1
37.Kf2 Rc6c2
38.Kg3 Rb1xf1
39.Rf5xf1 Rc2c3
40.Ba3b2 Rc3xd3
41.Kg4 Bg5d8
42.Rf1f5 Rd3b3
43.Rf5b5 Rb3xb5
44.axb5 Kd7

1/2-1/2

[Event "Match"]
[Site "www.echecsemail.com"]
[Date "2024.04.17"]
[Round "1"]
[White "Nightrider"]
[Black "Dussek"]
[WhiteElo "1650"]
[BlackElo "1770"]
[Result "1/2-1/2"]
[Round "1"]
1.e4 Ng8f6
2.e5 Nf6d5
3.c4 Nd5b6
4.d4 d6
5.Ng1f3 Nb8c6
6.Nb1c3 Bc8g4
7.Bf1e2 Bg4xf3
8.gxf3 g6
9.Bc1e3 Bf8g7
10.f4 O-O
11.h4 dxe5
12.dxe5 Qd8xd1
13.Ra1xd1 a6
14.a3 Ra8d8
15.O-O e6
16.Rd1xd8 Rf8xd8
17.Rf1d1 Rd8f8
18.Kg2 Nc6e7
19.Kh3 Ne7f5
20.Be3c1 Rf8e8
21.Be2f1 h5
22.Bc1e3 Nf5xe3
23.fxe3 Bg7f8
24.Kg3 Bf8c5
25.Kf3 Kf8
26.e4 Ke7
27.Bf1e2 Re8d8
28.Rd1xd8 Kxd8
29.Be2d3 Nb6d7
30.b4 Bc5a7
31.c5 c6
32.Nc3b1 Ke7
33.Kg3 Ba7b8
34.Nb1c3 f6
35.exf6 Nd7xf6
36.e5 Nf6d5
37.Nc3b1 Kf7
38.Bd3e4 Bb8c7
39.Be4xd5 exd5
40.Nb1d2 Ke6
41.Nd2f3 Kf5
42.Nf3g5 d4
43.Kf3 d3
44.Ng5e4 Bc7d8
45.Ne4d6 Ke6
46.Ke3 Bd8xh4
47.Kxd3 Bh4e7
48.Ke4 h4
49.Kf3 g5
50.Kg4 gxf4
51.Kxf4 Be7g5
52.Kg4 Kxe5
53.Kxg5 h3
54.Nd6f5 h2
55.Nf5g3 Kd4
56.Kf4 Kc4
57.Ke4 Kb3
58.Kd3 Kxa3
59.Kc3 Ka2
60.Kc2 Ka3
61.Kc3 Ka4
62.Kc4 Ka3
63.Kc3 Ka4
64.Kc4 Ka3

1/2-1/2

[Event "Match"]
[Site "www.echecsemail.com"]
[Date "2024.04.17"]
[Round "1"]
[White "Gobelijn"]
[Black "Jjmcbride"]
[WhiteElo "1499"]
[BlackElo "1530"]
[Result "1-0"]
[Round "1"]
1.d4 d5
2.c4 c6
3.Ng1f3 dxc4
4.e3 b5
5.a4 Qd8a5
6.Bc1d2 b4
7.Bf1xc4 e6
8.O-O Bf8e7
9.Nb1a3 Qa5b6
10.Na3c2 f6
11.e4 a5
12.e5 Ra8a7
13.Bd2e3 b3

1-0

[Event "Match"]
[Site "www.echecsemail.com"]
[Date "2024.04.17"]
[Round "1"]
[White "Jackbauer"]
[Black "Subsurf"]
[WhiteElo "1570"]
[BlackElo "1599"]
[Result "0-1"]
[Round "1"]
1.e4 e5
2.f4 d5
3.fxe5 Qd8h4
4.g3 Qh4xe4
5.Qd1e2 Qe4xh1
6.Ng1f3 Bc8g4
7.Qe2b5 c6
8.Qb5d3 Nb8d7
9.Kf2 Bf8c5

0-1

[Event "Match"]
[Site "www.echecsemail.com"]
[Date "2024.04.17"]
[Round "1"]
[White "Whitekknight"]
[Black "Llord"]
[WhiteElo "1740"]
[BlackElo "1760"]
[Result "1-0"]
[Round "1"]
1.d4 e6
2.e4 d5
3.e5 Nb8c6
4.Ng1f3 Bf8b4
5.c3 Bb4a5
6.Qd1a4 b6
7.b4 Bc8d7
8.bxa5 Nc6xa5
9.Qa4c2 Ng8e7
10.Bc1b2 Na5c4
11.Bb2c1 Bd7b5
12.Nb1d2 Nc4xd2
13.Bf1xb5 c6
14.Bb5xc6 Ne7xc6
15.Qc2xd2 a5
16.a4 Nc6e7
17.Qd2f4 O-O
18.O-O Ne7g6
19.Qf4g3 Ra8c8
20.Bc1d2 Ng6e7
21.Ra1c1 Ne7f5
22.Qg3g5 Qd8xg5
23.Nf3xg5 h6
24.Ng5h3 Rc8c4
25.Rc1a1 f6
26.f4 Nf5h4
27.Rf1b1 Rc4c6
28.Rb1f1 fxe5
29.fxe5 Nh4f5
30.Nh3f4 Nf5e7
31.Rf1f3 Ne7g6
32.Nf4xg6 Rf8xf3
33.gxf3 Kf7
34.Ng6f4 g5
35.Nf4g2 Kg6
36.Ng2e3 h5
37.Kg2 h4
38.Kh3 Kh5
39.Ne3g4 Rc6c8
40.Ra1b1 Rc8b8
41.Rb1g1 b5
42.Rg1b1 Kg6
43.Rb1xb5 Rb8a8
44.Ng4f6 Kf7
45.Bd2xg5 
1-0

[Event "Match"]
[Site "www.echecsemail.com"]
[Date "2024.04.17"]
[Round "1"]
[White "Nightrider"]
[Black "Breton"]
[WhiteElo "1600"]
[BlackElo "1880"]
[Result "1-0"]
[Round "1"]
1.e4 e5
2.Ng1f3 Nb8c6
3.Bf1b5 a6
4.Bb5a4 Ng8f6
5.O-O Bf8e7
6.Nb1c3 O-O
7.d4 b5

1-0

[Event "Match"]
[Site "www.echecsemail.com"]
[Date "2024.04.17"]
[Round "1"]
[White "Ludovicavolu"]
[Black "Jajka68"]
[WhiteElo "2279"]
[BlackElo "2650"]
[Result "0-1"]
[Round "1"]
1.g4 e5
2.Bf1g2 h5
3.gxh5 d5
4.d4 exd4
5.c3 dxc3
6.Nb1xc3 c6
7.Ng1f3 Ng8f6
8.Bc1g5 Bf8e7
9.Qd1d2 Rh8xh5
10.h4 Nb8a6
11.O-O-O Qd8b6
12.Nf3d4 c5
13.Nc3a4 Qb6b4
14.Qd2xb4 cxb4
15.Bg2f3 Rh5h7
16.Bg5xf6 Be7xf6
17.Bf3xd5 Ra8b8
18.b3 Na6c7
19.Bd5f3 Rh7xh4
20.e3 g6
21.Rh1xh4 Bf6xh4
22.Rd1d2 Ke7
23.Rd2c2 Nc7e6
24.Nd4xe6 Bc8xe6
25.Na4c5 Be6f5
26.Bf3e4 Bf5xe4
27.Nc5xe4 f5
28.Ne4c5 g5
29.Nc5d3 Rb8d8
30.Rc2d2 a5
31.Rd2d1 g4
32.Kc2 Rd8h8
 { time }
0-1

[Event "Match"]
[Site "www.echecsemail.com"]
[Date "2024.04.18"]
[Round "1"]
[White "Stevep84"]
[Black "Waterman"]
[WhiteElo "1890"]
[BlackElo "1620"]
[Result "1-0"]
[Round "1"]
1.e4 c5
2.Ng1f3 d5
3.exd5 Qd8xd5
4.Nb1c3 Qd5e6
5.Bf1e2 Ng8f6
6.O-O a6
7.Rf1e1 Bc8d7
8.b3 b5
9.Be2xb5 Qe6xe1
10.Qd1xe1 axb5
11.Nc3e4 Nb8a6
12.Bc1b2 O-O-O
13.d3 Na6b4
14.Ne4xc5 Nb4xc2
15.Qe1c3 Nc2xa1
16.Nc5e6 Kb8
17.Qc3c7 
1-0

[Event "Tourn. n10950"]
[Site "www.chess-mail.com"]
[Date "2024.04.18"]
[Round "1"]
[White "Jwinbush"]
[Black "Roque1"]
[WhiteElo "1799"]
[BlackElo "1780"]
[Result "1-0"]
[Round "1"]
1.e4 c5
2.Ng1f3 e6
3.d3 d5
4.Nb1d2 d4
5.e5 Nb8c6
6.a4 g6
7.g3 Bf8g7
8.Nd2c4 Ng8e7
9.h4 Bc8d7
10.h5 Qd8c7
11.Qd1e2 Nc6b4
12.Nc4d6 Kf8
13.h6 Bg7xe5
14.Qe2xe5 Ne7f5
15.Qe5xh8 Ke7
16.Nd6xf5 gxf5
17.Bc1g5 f6
18.Qh8xf6 Kd6
19.Qf6e5 Kc6
20.Nf3xd4 cxd4
21.Qe5b5 Kd6
22.Qb5xb4 Qc7c5
23.Bg5f4 e5
24.Bf4xe5 Kxe5
25.Qb4xc5 Ke6
26.Qc5xd4 Ra8e8
27.O-O-O Kf7
28.Qd4g7 Ke6
29.Rd1e1 Kd6
30.Re1xe8 Bd7xe8
31.Qg7xh7 Be8d7
32.Qh7g8 Bd7e6
33.Qg8g7 Be6d5
34.h7 Bd5xh1
35.Qg7h6 Ke7
36.Qh6xh1 Kd6
37.h8Q a5
38.Qh8d8 Ke6
39.Qh1d5 
1-0

[Event "Match"]
[Site "www.echecsemail.com"]
[Date "2024.04.18"]
[Round "1"]
[White "Nightrider"]
[Black "Whitekknight"]
[WhiteElo "1620"]
[BlackElo "1740"]
[Result "0-1"]
[Round "1"]
1.e4 e5
2.Ng1f3 Nb8c6
3.Bf1b5 Ng8f6
4.O-O a6
5.Bb5a4 b5
6.Ba4b3 Bf8e7
7.d3 h6
8.a3 O-O
9.Nb1c3 d6
10.Nc3d5 Nf6xd5
11.Bb3xd5 Bc8b7
12.Bc1d2 Ra8b8
13.Bd5a2 Be7f6
14.Ra1b1 Nc6e7
15.Qd1c1 Kh7
16.Bd2e3 Ne7g8
17.Be3d2 Bb7c8
18.Bd2e3 c5
19.Ba2d5 Bc8e6
20.Bd5xe6 fxe6
21.Be3d2 Rb8b7
22.Qc1d1 g5
23.h3 d5
24.exd5 exd5
25.Rf1e1 Rb7e7
26.Qd1c1 Kg6
27.Qc1d1 Rf8e8
28.Re1e2 Re7e6
29.Qd1e1 Qd8d6
30.Nf3h2 h5
31.Nh2f3 Bf6d8
32.Kh1 Bd8c7
33.Bd2xg5 Bc7d8
34.Bg5xd8 Qd6xd8
35.Re2e3 Qd8f6
36.Qe1e2 Ng8h6
37.Rb1e1 Nh6f7
38.Qe2d2 d4
39.Re3e2 Nf7d6
40.Qd2c1 Re8e7
41.Nf3d2 Kf7
42.Kg1 Qf6f5
43.Nd2e4 Nd6xe4
44.Re2xe4 Re6g6
45.Qc1d2 Qf5xh3

0-1

[Event "Match"]
[Site "www.echecsemail.com"]
[Date "2024.04.18"]
[Round "1"]
[White "Seger"]
[Black "Apdash"]
[WhiteElo "2570"]
[BlackElo "2040"]
[Result "1-0"]
[Round "1"]
1.d4 Ng8f6
2.c4 e6
3.Bc1f4 c5
4.d5 exd5
5.cxd5 d6
6.Nb1c3 a6
7.a4 Bc8f5
8.Ng1f3 Nb8d7
9.Nf3d2 Nd7b6
10.e4 Bf5g6
11.a5 Nb6d7
12.Bf1e2 Bf8e7
13.O-O O-O
14.Bf4g3 b5
15.axb6 Qd8xb6
16.f4 Qb6xb2
17.Nc3a4 Qb2d4
18.Bg3f2 Qd4b4
19.Ra1b1 Qb4a5
20.f5 Bg6h5
21.Be2xh5 Nf6xh5
22.Nd2c4 Qa5d8
23.Qd1xh5 Nd7f6
24.Qh5e2 Ra8b8
25.Rb1xb8 Qd8xb8
26.e5 dxe5
27.d6 Be7xd6
28.Nc4xd6 Qb8xd6
29.Bf2xc5 Qd6c6
30.Bc5xf8 Qc6xa4
31.Bf8c5 Nf6e4
32.Bc5e3 h6
33.Qe2g4 
1-0

[Event "KOCM Queen"]
[Site "www.chess-mail.com"]
[Date "2024.04.18"]
[Round "1"]
[White "Echo314"]
[Black "D4minance"]
[WhiteElo "2680"]
[BlackElo "2690"]
[Result "1/2-1/2"]
[Round "1"]
1.e4 c5
2.Ng1f3 e6
3.d4 cxd4
4.Nf3xd4 a6
5.Nb1c3 Qd8c7
6.Bf1d3 Ng8f6
7.Qd1e2 Bf8b4
8.Bc1d2 d6
9.f4 O-O
10.Nd4b3 e5
11.f5 Bb4xc3
12.Bd2xc3 a5
13.a3 Nb8c6
14.g4 d5
15.exd5 Nf6xd5
16.O-O-O a4
17.Nb3d2 Bc8d7
18.Rh1e1 Nd5xc3
19.bxc3 f6
20.Bd3c4 Kh8
21.Bc4a2 Nc6a5
22.Nd2e4 Ra8d8
23.Qe2e3 Bd7b5
24.Rd1xd8 Rf8xd8
25.Ba2e6 Bb5c4
26.Re1d1 Rd8xd1
27.Kxd1 Bc4xe6
28.fxe6 Na5c4
29.Qe3a7 h6
30.Qa7a8 Kh7
31.Qa8e8 Qc7b6
32.Ne4xf6 gxf6

1/2-1/2

[Event "Match"]
[Site "www.echecsemail.com"]
[Date "2024.04.18"]
[Round "1"]
[White "Joseph1983"]
[Black "Apdash"]
[WhiteElo "1980"]
[BlackElo "2040"]
[Result "0-1"]
[Round "1"]
1.Ng1f3 Ng8f6
2.g3 d5
3.d4 e6
4.Bf1g2 c5
5.O-O cxd4
6.Nf3xd4 Bf8c5
7.b3 Nb8c6
8.Nd4xc6 bxc6
9.Bc1b2 O-O
10.Nb1d2 Qd8e7
11.c4 Bc8b7
12.cxd5 cxd5
13.Nd2f3 Nf6e4
14.Nf3e5 Rf8c8
15.Ra1c1 f6
16.Ne5f3 Bc5b6
17.Nf3d2 Rc8xc1
18.Qd1xc1 Ra8c8
19.Qc1d1 Ne4xf2
20.Rf1xf2 Qe7c5
21.Qd1e1 Qc5e3

0-1